| 000 | 00739nam a2200241 4500 | ||
|---|---|---|---|
| 003 | OSt | ||
| 005 | 20260601171009.0 | ||
| 008 | 260420b1993\\\\xxua||||\||||\00|\0\spa\d | ||
| 020 | _a9688160326 | ||
| 040 |
_aICI _bspa _cICI |
||
| 050 |
_aNA105 _b G626 |
||
| 100 | 1 |
_a González Gamio, Angeles _93955 |
|
| 245 | 1 |
_aEl patrimonio rescatado _c Angeles Gonzalez Gamio |
|
| 264 |
_bDepartamento del Distrito Federal _c1993 _aMéxico |
||
| 300 |
_a220 páginas _c30.0 cm |
||
| 336 |
_atexto _2rdacontent |
||
| 337 |
_asin medio _2rdamedia |
||
| 338 |
_avolumen _2rdacarrier |
||
| 650 |
_aMonumentos _x Conservación _932752 |
||
| 650 |
_aPatrimonio cultural _xProtección _9259 |
||
| 710 |
_aDistrito Federal (México) _932753 |
||
| 942 |
_2ddc _cB |
||
| 999 |
_c20409 _d20409 |
||